00694nam a22001697a 4500003000500000038001800005082000800023100002500031245017100056264003100227650003900258700005300297856005700350942001200407999001900419952008600438NUST aNusrat Nadeem a200 aAshraf, Maria930259 aStudy and Analysis of Ancillary Services to Ensure Continued Operation of Power System in the Presence of High Renewable Energy Resources Penetration/cMaria Ashraf,  aKarachi.bPNEC NUSTc2025. aPhD-Electrical Engineering 984162 aSupervisor: Dr. Syed Sajjad Haider Zaidi9127716 uhttp://10.250.8.41:8080/xmlui/handle/123456789/56894 2ddccSC c616364d616364 00104070aCLbCLcTHEd2026-02-24l0o200pCLPT-795r2026-02-24w2026-02-24ySC